[Event "ROM-chT2"]
[Site "Sovata"]
[Date "1997.??.??"]
[Round "7"]
[White "Chirila, Radu Catalin"]
[Black "Haramuz, Silviu"]
[Result "1/2-1/2"]
[WhiteElo "2290"]
[BlackElo "1640"]
[PlyCount "62"]
[EventDate "1997.10.??"]
[EventType "team-tourn"]
[EventRounds "7"]
[EventCountry "ROU"]
[SourceTitle "EXT 2000"]
[Source "ChessBase"]
[SourceDate "1999.11.16"]
[SourceVersion "1"]
[SourceVersionDate "1999.11.16"]
[SourceQuality "1"]

1. d4 Nf6 2. c4 g6 3. g3 d5 4. Nf3 Bg7 5. Bg2 0-0 6. 0-0 b6 7. Nc3 Bb7 8. Ne5 e6 9. Qa4 Ne4 10. Nxe4 dxe4 11. Rd1 Qe7 12. Qc2 f5 13. f4 Nd7 14. Nxd7 Qxd7 15. e3 Rfd8 16. Bd2 Rac8 17. Bc3 Qf7 18. b3 Rd7 19. Rd2 Rcd8 20. Rad1 Bf6 21. h4 h5 22. Bf1 Qg7 23. Bb4 Be7 24. Bxe7 Qxe7 25. Kf2 Kf7 26. Ke1 Qf8 27. Qc3 Qa3 28. Be2 Qe7 29. Bf1 Qa3 30. Be2 Qe7 31. Bf1 Qa3 1/2-1/2